Normal view
MARC view
- Ibn Hanbal, Ahmad ibn Muhammad,
Entry Personal Name
001 - CONTROL NUMBER
- control field: 2255
003 - CONTROL NUMBER IDENTIFIER
- control field: OSt
005 - DATE AND TIME OF LATEST TRANSACTION
- control field: 20170508122551.0
008 - FIXED-LENGTH DATA ELEMENTS
- fixed length control field: 170508|| aca||aabn | a|a d
040 ## - CATALOGING SOURCE
- Original cataloging agency: OSt
- Transcribing agency: OSt
100 ## - HEADING--PERSONAL NAME
- Personal name: Ibn Hanbal, Ahmad ibn Muhammad,
- Dates associated with a name: 780-855
670 ## - SOURCE DATA FOUND
- Source citation: Work cat.: (OSt)0: Ibn Hanbal, Ahmad ibn Muhammad, 780-855, Betulkan solat anda /, 1994

PORTAL AKMAL
E-MEL JKDM
AKMAL2U
G-BAM
u-PUSTAKA